000 00307 a2200109 4500
001 ART_26487
005 20260410161933.0
008 260409a
245 1 0 _aElección de técnicas alternativas
100 1 _aSebess, Pedro
773 0 _tInforme
_g- Año III, Nº 22 (abr. 1971)
_wREV23765
999 _c28795
_d28795